Prayed out : God in dark places /
Salvato in:
| Autore principale: | |
|---|---|
| Natura: | Libro |
| Lingua: | inglese |
| Pubblicazione: |
Dublin :
Columba Press,
2005
|
| Tags: |
Nessun Tag, puoi essere il primo ad aggiungerne!!
|
MARC
| LEADER | 00000nam a22000007i 4500 | ||
|---|---|---|---|
| 001 | IT\ICCU\UBO\4866677 | ||
| 003 | ItRI | ||
| 005 | 20260115231836.0 | ||
| 008 | 250318s2005 ie |||||| ||||| |||||c | ||
| 020 | |a 1856075052 | ||
| 040 | |b ita |c importazione bologna sebina | ||
| 041 | 7 | |a eng |2 ISO-639-2 | |
| 100 | 1 | |a Hanvey, John Michael |0 IT\ICCU\UBOV\155178 | |
| 240 | 1 | 0 | |a Prayed out |3 IT\ICCU\UBO\4866679 |9 Hanvey, John Michael |
| 245 | 1 | 0 | |a Prayed out : |b God in dark places / |c John Michael Hanvey. |
| 260 | |a Dublin : |b Columba Press, |c 2005 | ||
| 300 | |a 119 p. ; |c 22 cm | ||
| 942 | |2 ddc |c BK |n 0 | ||
| 952 | |0 0 |1 0 |4 0 |6 DOC_204_200000000000000_HAN |7 0 |9 14018 |a BO |b BO |d 2026-01-15 |i 20598 |l 0 |o DOC 204.2 HAN |p BO20598 |r 2026-01-15 23:18:36 |w 2026-01-15 |x [Sebina 5] [1 v.] |y BK |z 1 v. | ||
| 999 | |c 12077 |d 12077 | ||